LEADER 02902oam 2200661I 450 001 9910462906603321 005 20200520144314.0 010 $a0-429-18932-X 010 $a1-4398-3670-1 024 7 $a10.1201/b14496 035 $a(CKB)2670000000342217 035 $a(EBL)1165864 035 $a(OCoLC)837237686 035 $a(SSID)ssj0000856464 035 $a(PQKBManifestationID)12352035 035 $a(PQKBTitleCode)TC0000856464 035 $a(PQKBWorkID)10817844 035 $a(PQKB)10921426 035 $a(MiAaPQ)EBC1165864 035 $a(CaSebORM)9781439836705 035 $a(PPN)183347218 035 $a(Au-PeEL)EBL1165864 035 $a(CaPaEBR)ebr10684466 035 $a(CaONFJC)MIL502172 035 $a(EXLCZ)992670000000342217 100 $a20180331d2013 uy 0 101 0 $aeng 135 $aur|n|---||||| 181 $ctxt 182 $cc 183 $acr 200 10$aMicrolenses $eproperties, fabrication, and liquid lenses /$fHongrui Jiang, Xuefeng Zeng 205 $a1st edition 210 1$aBoca Raton :$cTaylor & Francis,$d2013. 215 $a1 online resource (225 p.) 225 1 $aSeries in optics and optoelectronics 300 $aDescription based upon print version of record. 311 $a1-4398-3669-8 320 $aIncludes bibliographical references. 327 $aFront Cover; Dedications; Contents; About the Authors; Preface; Chapter 1 - Introduction to Liquid Microlenses; Chapter 2 - Basic Physics of Liquid Microlenses; Chapter 3 - Fabrication Methods; Chapter 4 - Solid Microlenses; Chapter 5 - Electrically Driven Tunable Microlenses; Chapter 6 - Mechanically Driven Tunable Microlenses; Chapter 7 - Horizontal Microlenses Integrated in Microfluidics; Chapter 8 - Looking into the Future; Back Cover 330 $aMicrolenses and microlens arrays are a vital part of modern optical systems with applications in MEMS and sensor systems. This book explores the physics and optical properties of a range of microlenses, along with their fabrication, tuning, and applications in various fields. Although focusing on liquid lenses, the text covers all lens systems. The authors discuss such topics as microfabrication and nanofabrication, liquid interfaces, surface tension, variable focus, and lab on chips. They also provide a discussion of the challenges posed by current microlenses--$cProvided by publisher. 410 0$aSeries in optics and optoelectronics. 606 $aOptical MEMS 606 $aLiquid lenses 606 $aMicrofluidics 608 $aElectronic books. 615 0$aOptical MEMS. 615 0$aLiquid lenses. 615 0$aMicrofluidics. 676 $a681/.423 700 $aJiang$b Hongrui.$0944525 801 0$bMiAaPQ 801 1$bMiAaPQ 801 2$bMiAaPQ 906 $aBOOK 912 $a9910462906603321 996 $aMicrolenses$92132166 997 $aUNINA LEADER 05089nam 2200685 450 001 9910810136503321 005 20200903223051.0 010 $a90-04-26784-0 024 7 $a10.1163/9789004267848 035 $a(CKB)2670000000553865 035 $a(EBL)1694714 035 $a(SSID)ssj0001180403 035 $a(PQKBManifestationID)11672410 035 $a(PQKBTitleCode)TC0001180403 035 $a(PQKBWorkID)11139394 035 $a(PQKB)10435008 035 $a(MiAaPQ)EBC1694714 035 $a(nllekb)BRILL9789004267848 035 $a(Au-PeEL)EBL1694714 035 $a(CaPaEBR)ebr10875029 035 $a(CaONFJC)MIL613204 035 $a(OCoLC)880827261 035 $a(PPN)178915564 035 $a(EXLCZ)992670000000553865 100 $a20140609h20142014 uy 0 101 0 $aeng 135 $aur|n|---||||| 181 $ctxt 182 $cc 183 $acr 200 00$aJews, Christians, and Muslims in medieval and early modern times $ea festschrift in honor of Mark R. Cohen /$fedited by Arnold E. Franklin [and three others] ; A. L. Udovitch, foreword 210 1$aLeiden, The Netherlands :$cBrill,$d2014. 210 4$dİ2014 215 $a1 online resource (441 p.) 225 1 $aChristians and Jews in Muslim Societies,$x2212-5523 ;$vVolume 2 300 $aDescription based upon print version of record. 311 $a90-04-25733-0 320 $aIncludes bibliographical references and index. 327 $tPreliminary Material -- $tIntroduction /$rArnold E. Franklin , Roxani Eleni Margariti , Marina Rustow and Uriel Simonsohn -- $tHow Mediterranean Was Goitein?s Mediterranean Society? /$rNorman A. Stillman -- $tA???bun? l-tujj?r?Our Associates, the Merchants: Non-Jewish Business Partners of the Cairo Geniza?s India Traders /$rRoxani Eleni Margariti -- $tPilgrimage and Charity in the Geniza Society /$rMiriam Frenkel -- $tPoor Relief in Ottoman Jewish Communities /$rYaron Ayalon -- $t?What Sort of Sermon is This??: Leadership, Resistance and Gender in a Communal Conflict /$rOded Zinger -- $tWhy Did Medieval Northern French Jewry (?arfat) Disappear? /$rIvan G. Marcus -- $tAre Gaonic Responsa a Reliable Source for the Study of Jewish Conversion to Islam? A Comparative Analysis of Legal Sources /$rUriel Simonsohn -- $tWhat?s in a Name? ?Abdall?h born Is??q born al-Shan??a al-Muslim?n? l-Isr???l? and Conversion to Islam in Medieval Cordoba /$rDavid J. Wasserstein -- $tJews among the Grandees of Ottoman Egypt /$rJane Hathaway -- $tRemembrance and Oblivion of Religious Persecutions: On Sanctifying the Name of God (Qiddush ha-Shem) in Christian and Islamic Countries during the Middle Ages /$rMenahem Ben-Sasson -- $tThe Mu?ammadan Stipulations: Dhimm? Versions of the Pact of ?Umar /$rPhillip I. Ackerman-Lieberman -- $tJews in Shar??a Courts: A Family Dispute from the Cairo Geniza /$rJessica M. Marglin -- $tPerception of Piracy in Islamic Shar??a /$rHassan S. Khalilieh -- $tJew and Serf in Medieval France Revisited /$rWilliam Chester Jordan -- $tCleanliness and Convivencia: Jewish Bathing Culture in Medieval Spain /$rOlivia Remie Constable -- $tFriendship and Hierarchy: Rhetorical Stances in Geniza Mercantile Letters /$rJessica L. Goldberg -- $tMore than Words on a Page: Letters as Substitutes for an Absent Writer /$rArnold E. Franklin -- $tThe Diplomatics of Leadership: Administrative Documents in Hebrew Script from the Geniza /$rMarina Rustow -- $tFinancial Troubles: A Mamluk Petition /$rPetra M. Sijpesteijn -- $t?Az mi-lifnei vereishit?: The Suffering Messiah in the Seventh Century /$rMartha Himmelfarb -- $tA Panegyric Qa??da by Yehuda ha-Levi, Its Antecedent by Shelomo Ibn Gabirol, and Its Afterlife /$rRaymond P. Scheindlin -- $tHebrew Vestiges in Sa?adya?s Tafs?r /$rSasson Somekh -- $tEpilogue /$rNatalie Zemon Davis -- $tIndex. 330 $aThis volume brings together articles on the cultural, religious, social and commercial interactions among Jews, Christians and Muslims in the medieval and early modern periods. Written by leading scholars in Jewish studies, Islamic studies, medieval history and social and economic history, the contributions to this volume reflect the profound influence on these fields of the volume?s honoree, Professor Mark R. Cohen. 410 0$aChristians and Jews in Muslim societies ;$vVolume 2. 606 $aReligions$xHistory 606 $aAbrahamic religions$xHistory 606 $aReligions$xRelations 606 $aAbrahamic religions$xRelations 615 0$aReligions$xHistory. 615 0$aAbrahamic religions$xHistory. 615 0$aReligions$xRelations. 615 0$aAbrahamic religions$xRelations. 676 $a201/.509 702 $aCohen$b Mark R.$f1943- 702 $aFranklin$b Arnold E$g(Arnold Efrem),$f1971- 702 $aUdovitch$b A. L. 801 0$bMiAaPQ 801 1$bMiAaPQ 801 2$bMiAaPQ 906 $aBOOK 912 $a9910810136503321 996 $aJews, Christians, and Muslims in medieval and early modern times$93967694 997 $aUNINA